[Event "Le Touquet op-B 20th"]
[Site "Le Touquet"]
[Date "2005.10.28"]
[Round "8"]
[White "Ollier, Milan"]
[Black "Coudenis, Christian"]
[Result "1-0"]
[WhiteElo "1750"]
[BlackElo "1660"]
[PlyCount "61"]
[EventDate "2005.10.22"]
[EventType "swiss"]
[EventRounds "9"]
[EventCountry "FRA"]
[SourceTitle "EXT 2006"]
[Source "ChessBase"]
[SourceDate "2005.11.24"]
[SourceVersion "1"]
[SourceVersionDate "2005.11.24"]
[SourceQuality "1"]

1. e4 e6 2. d4 d5 3. exd5 exd5 4. c4 c6 5. Nc3 Nf6 6. Nf3 dxc4 7. Bxc4 Bd6 8. 0-0 0-0 9. Qb3 Qc7 10. h3 b5 11. Bd3 Be6 12. Qc2 h6 13. Be3 Nbd7 14. Rac1 Rac8 15. Qd1 Qd8 16. a3 Nd5 17. Ne4 Bb8 18. Qd2 Nxe3 19. fxe3 Nf6 20. Nxf6+ gxf6 21. e4 Kg7 22. Qf2 Bf4 23. Rc5 Qd6 24. e5 fxe5 25. Nxe5 Bg5 26. h4 Be7 27. Qg3+ Kh8 28. Qf4 Bd5 29. Qf5 Qg6 30. Nxg6+ fxg6 31. Qe5+ 1-0

[Event "Bethune op-B 24th"]
[Site "Bethune"]
[Date "2003.12.27"]
[Round "2"]
[White "Swiercz, Sonia"]
[Black "Coudenis, Christian"]
[Result "1/2-1/2"]
[WhiteElo "1570"]
[BlackElo "1640"]
[PlyCount "75"]
[EventDate "2003.12.26"]
[EventType "swiss"]
[EventRounds "9"]
[EventCountry "FRA"]
[SourceTitle "EXT 2005"]
[Source "ChessBase"]
[SourceDate "2004.11.15"]
[SourceVersion "1"]
[SourceVersionDate "2004.11.15"]
[SourceQuality "1"]

1. e4 e6 2. d4 d5 3. Nc3 Bb4 4. Bd2 dxe4 5. Nxe4 Qxd4 6. Bd3 Bxd2+ 7. Nxd2 Qxb2 8. Ngf3 Nf6 9. 0-0 0-0 10. Nc4 Qb4 11. a3 Qc5 12. Re1 Nc6 13. Nce5 Nxe5 14. Rxe5 Qd6 15. Rg5 h6 16. Rg3 e5 17. Qe2 Re8 18. Nd2 Be6 19. Ne4 Nxe4 20. Qxe4 f5 21. Qh4 Bd7 22. Rd1 Kf8 23. Qh5 Qe7 24. Bxf5 Bxf5 25. Qxf5+ Kg8 26. Rd7 Rad8 27. Rxd8 Rxd8 28. h3 Rd1+ 29. Kh2 c6 30. Qc8+ Rd8 31. Qg4 Rd2 32. Qc8+ Rd8 33. Qg4 Qd7 34. Qg6 Qf7 35. Qxh6 Rd7 36. Qe3 a6 37. Qxe5 Re7 38. Qg5 1/2-1/2

[Event "Bethune op-B 23th"]
[Site "Bethune"]
[Date "2002.12.30"]
[Round "7"]
[White "Coudenis, Christian"]
[Black "Druelle, Emmanuel"]
[Result "1-0"]
[WhiteElo "1610"]
[BlackElo "1540"]
[PlyCount "91"]
[EventDate "2002.12.26"]
[EventType "swiss"]
[EventRounds "7"]
[EventCountry "FRA"]
[SourceTitle "CBM 091 Extra"]
[Source "ChessBase"]
[SourceDate "2003.01.09"]
[SourceVersion "1"]
[SourceVersionDate "2003.01.09"]
[SourceQuality "1"]

1. d4 d5 2. c4 e6 3. Nc3 Nf6 4. cxd5 exd5 5. Bg5 Be7 6. e3 c6 7. Bd3 Ne4 8. Bf4 Nxc3 9. bxc3 Bg5 10. Bg3 Qe7 11. h3 0-0 12. Nf3 Re8 13. 0-0 h5 14. Nxg5 Qxg5 15. Be2 h4 16. Bf4 Qg6 17. Bd3 Re4 18. Bxe4 dxe4 19. Kh2 Qf6 20. Qh5 Be6 21. Bg5 Qf5 22. Qxh4 f6 23. Bf4 g5 24. Qg3 Nd7 25. Bd6 Kf7 26. f3 Rh8 27. fxe4 Qxe4 28. Kg1 Bd5 29. Rac1 Rh4 30. c4 Be6 31. Qf3 Qh7 32. Bg3 Rh6 33. d5 Bxh3 34. gxh3 Rxh3 35. dxc6 bxc6 36. Rf2 Qh8 37. Rh2 Kg7 38. Qg2 Rxh2 39. Qxh2 Qe8 40. Qd2 Nc5 41. Rd1 Qe6 42. Qd4 Qf5 43. Kg2 g4 44. Rf1 Qe4+ 45. Qxe4 Nxe4 46. Rf4 1-0

[Event "Bethune op-B 23th"]
[Site "Bethune"]
[Date "2002.12.27"]
[Round "2"]
[White "Boumediene, Boucif"]
[Black "Coudenis, Christian"]
[Result "1-0"]
[WhiteElo "1740"]
[BlackElo "1610"]
[PlyCount "67"]
[EventDate "2002.12.26"]
[EventType "swiss"]
[EventRounds "7"]
[EventCountry "FRA"]
[SourceTitle "CBM 091 Extra"]
[Source "ChessBase"]
[SourceDate "2003.01.09"]
[SourceVersion "1"]
[SourceVersionDate "2003.01.09"]
[SourceQuality "1"]

1. Nf3 d5 2. d4 Nf6 3. g3 e6 4. Bg2 Nc6 5. 0-0 Bd7 6. b3 Bd6 7. Bb2 0-0 8. Nbd2 Re8 9. c4 b6 10. Ne5 h6 11. Rc1 Nh7 12. Nxd7 Qxd7 13. cxd5 Nb4 14. dxe6 Qxe6 15. Bxa8 Rxa8 16. e4 Nxa2 17. Ra1 Nb4 18. f4 c6 19. f5 Qe8 20. e5 Be7 21. Ne4 Nd5 22. Qf3 Ng5 23. Nxg5 Bxg5 24. h4 Be7 25. Rae1 Rd8 26. f6 Bb4 27. Qg4 g6 28. Re2 h5 29. Qg5 Kh7 30. Bc1 Bf8 31. e6 fxe6 32. f7 Qd7 33. Rxe6 Nc7 34. Qxg6+ 1-0

[Event "Bethune-D"]
[Site "Bethune"]
[Date "2002.07.11"]
[Round "7.18"]
[White "Coudenis, Christian"]
[Black "Fouache, Pascal"]
[Result "1/2-1/2"]
[WhiteElo "1620"]
[BlackElo "1570"]
[PlyCount "69"]
[EventDate "2002.07.06"]
[EventType "tourn"]
[EventRounds "9"]
[EventCountry "FRA"]
[SourceTitle "EXT 2005"]
[Source "ChessBase"]
[SourceDate "2004.11.15"]
[SourceVersion "1"]
[SourceVersionDate "2004.11.15"]
[SourceQuality "1"]

1. d4 Nf6 2. c4 e6 3. Nc3 c5 4. d5 d6 5. Nf3 Be7 6. e4 e5 7. Be2 Nbd7 8. 0-0 0-0 9. Bg5 Nb6 10. h3 Ne8 11. Bxe7 Qxe7 12. Rb1 f5 13. b3 f4 14. b4 Nd7 15. bxc5 Nxc5 16. Na4 Nxe4 17. Bd3 Bf5 18. Qc2 N8f6 19. Nh4 g6 20. Nxf5 gxf5 21. Rfe1 Qg7 22. Nc3 Nxc3 23. Qxc3 e4 24. Bc2 b6 25. f3 Rfe8 26. Kh2 Qg3+ 27. Kh1 Kf7 28. Ba4 Rg8 29. Re2 Rg6 30. Qc2 Rh6 31. fxe4 Nxe4 32. Rb3 Qg6 33. Rf3 Rg8 34. Kh2 Qg5 35. Qc1 1/2-1/2

[Event "Bethune-D"]
[Site "Bethune"]
[Date "2002.07.08"]
[Round "4.16"]
[White "Holland, Christophe"]
[Black "Coudenis, Christian"]
[Result "0-1"]
[WhiteElo "1600"]
[BlackElo "1620"]
[PlyCount "82"]
[EventDate "2002.07.06"]
[EventType "tourn"]
[EventRounds "9"]
[EventCountry "FRA"]
[SourceTitle "EXT 2005"]
[Source "ChessBase"]
[SourceDate "2004.11.15"]
[SourceVersion "1"]
[SourceVersionDate "2004.11.15"]
[SourceQuality "1"]

1. d4 d5 2. c4 e6 3. Nc3 Nf6 4. Bg5 Nbd7 5. e3 Be7 6. cxd5 exd5 7. Qc2 0-0 8. Bd3 c6 9. Nf3 h6 10. Bh4 Re8 11. Bg3 Nh5 12. Nxd5 cxd5 13. Bc7 Bb4+ 14. Kd1 Qe7 15. Be5 Bd6 16. Bxd6 Qxd6 17. Rc1 Nhf6 18. Qc7 Qxc7 19. Rxc7 Rb8 20. Ke2 a6 21. Rhc1 g6 22. h3 Nb6 23. Ne5 Be6 24. g4 Na8 25. R7c5 Rbc8 26. f4 Rxc5 27. Rxc5 Rc8 28. a3 Rxc5 29. dxc5 Nc7 30. b4 Nd7 31. Nxd7 Bxd7 32. e4 dxe4 33. Bxe4 Bc6 34. Bxc6 bxc6 35. Kd3 Kf8 36. h4 Ke7 37. Ke4 f6 38. g5 hxg5 39. hxg5 fxg5 40. fxg5 Nb5 41. a4 Nc3+ 0-1

[Event "Bethune-D"]
[Site "Bethune"]
[Date "2002.07.08"]
[Round "3.19"]
[White "Houriez, Clement"]
[Black "Coudenis, Christian"]
[Result "0-1"]
[WhiteElo "1420"]
[BlackElo "1620"]
[PlyCount "54"]
[EventDate "2002.07.06"]
[EventType "tourn"]
[EventRounds "9"]
[EventCountry "FRA"]
[SourceTitle "EXT 2005"]
[Source "ChessBase"]
[SourceDate "2004.11.15"]
[SourceVersion "1"]
[SourceVersionDate "2004.11.15"]
[SourceQuality "1"]

1. e4 e6 2. d4 d5 3. exd5 exd5 4. Nc3 Nf6 5. Bg5 Be7 6. Bd3 0-0 7. Nf3 Bg4 8. h3 Be6 9. Ne5 Nbd7 10. Qf3 c6 11. 0-0-0 Nxe5 12. dxe5 Nd7 13. Bxe7 Qxe7 14. Qe3 f6 15. exf6 Qxf6 16. Rde1 Rfe8 17. Ne2 Bf7 18. Qd2 Ne5 19. f4 Nxd3+ 20. Qxd3 Bg6 21. Qc3 Qd6 22. g4 Be4 23. Rhg1 c5 24. Qd2 d4 25. Ng3 Qd5 26. Kb1 Bg6 27. Qg2 Rxe1+ 0-1